[Event "41st Olympiad Women 2014"]
[Site "Tromso NOR"]
[Date "2014.08.08"]
[Round "6.43"]
[Board "2"]
[White "Gao, Yi-Ping"]
[Black "Khan, Nazrana"]
[Result "1-0"]
[BlackTitle "WFM"]
[WhiteElo "1723"]
[BlackElo "2001"]
[WhiteTeam "Chinese Taipei"]
[BlackTeam "Bangladesh"]
[WhiteFideId "16300955"]
[BlackFideId "10201734"]
[EventDate "2014.08.02"]

1. c4 Nf6 2. Nc3 e6 3. g3 d5 4. cxd5 exd5 5. d4 Be7 6. Bg2 c6 7. Nf3 O-O 8. O-O
Nbd7 9. Re1 Re8 10. Qc2 Nf8 11. Bg5 Bg4 12. Ne5 Bh5 13. Qb3 N6d7 14. Bxe7 Rxe7
15. Nd3 Nf6 16. Rac1 Qb6 17. Qa3 Rae8 18. e3 Bg6 19. Nf4 Bf5 20. Na4 Qa5 21. b4
Qd8 22. Nc3 a6 23. Qb3 Ne6 24. Nxe6 Rxe6 25. a4 Ne4 26. b5 Nxc3 27. Rxc3 axb5
28. axb5 Be4 29. bxc6 Rxc6 30. Rec1 Rb6 31. Qa4 Ra6 32. Qb5 Rb6 33. Qa5 Rb1 34.
Qxd8 Rxc1+ 35. Rxc1 Rxd8 36. Rc7 Rb8 37. Bxe4 dxe4 38. Kf1 Kf8 39. Ke1 b5 40.
Kd2 Ra8 41. Kc3 Ra2 42. d5 Rxf2 43. Kd4 Rxh2 44. d6 f6 45. Kd5 Rh5+ 46. Kc6 Re5
47. Rc8+ Kf7 48. d7 Re6+ 49. Kxb5 Rd6 50. d8=Q Rxd8 51. Rxd8 f5 52. Kc5 Kg6 53.
Kd4 Kg5 54. Rd7 Kf6 55. Ra7 h6 56. Rb7 g6 57. Rb6+ Kg5 58. Ke5 Kh5 59. Kf4 g5+
60. Kxf5 g4 61. Kxe4 1-0

[Event "41st Olympiad Women 2014"]
[Site "Tromso NOR"]
[Date "2014.08.08"]
[Round "6.43"]
[Board "3"]
[White "Hamid, Rani"]
[Black "Liao, Jo-Yu"]
[Result "1-0"]
[WhiteTitle "WIM"]
[WhiteElo "1995"]
[BlackElo "1478"]
[WhiteTeam "Bangladesh"]
[BlackTeam "Chinese Taipei"]
[WhiteFideId "10200096"]
[BlackFideId "16300459"]
[EventDate "2014.08.02"]

1. e4 e5 2. Nf3 Nc6 3. Bb5 a6 4. Ba4 Nf6 5. O-O b5 6. Bb3 Bc5 7. d3 d6 8. c3 Bg4
9. Re1 h6 10. Nbd2 O-O 11. h3 Be6 12. Bc2 Re8 13. Nf1 b4 14. d4 exd4 15. cxd4 b3
16. axb3 Bb4 17. d5 Bxe1 18. Nxe1 Bxd5 19. exd5 Nb4 20. Ne3 Nxc2 21. N1xc2 Qb8
22. Nd4 Qb7 23. Nc6 Nd7 24. Ra4 Ne5 25. Nxe5 dxe5 26. Rg4 h5 27. Rg3 g6 28. Qxh5
Kf8 29. Qh8+ Ke7 30. Qxe5+ Kd7 31. Qf6 Rf8 32. Nc4 Rae8 33. Ne5+ Kc8 34. Bd2 Qb6
35. Qxb6 cxb6 36. Nc4 Rd8 37. Nxb6+ Kc7 38. Ba5 Kb7 39. Rd3 Rd6 40. Bb4 1-0

[Event "41st Olympiad Women 2014"]
[Site "Tromso NOR"]
[Date "2014.08.08"]
[Round "6.44"]
[Board "1"]
[White "Wang, Chengjia"]
[Black "Shabanaj, Eglantina"]
[Result "1/2-1/2"]
[BlackTitle "WCM"]
[WhiteElo "1989"]
[BlackElo "2033"]
[WhiteTeam "South Korea"]
[BlackTeam "Albania"]
[WhiteFideId "8601844"]
[BlackFideId "4700562"]
[EventDate "2014.08.02"]

1. e4 e5 2. Nf3 Nc6 3. Bb5 Nf6 4. O-O d6 5. Re1 Be7 6. d4 exd4 7. Nxd4 Bd7 8.
Bxc6 bxc6 9. h3 O-O 10. Nc3 c5 11. Nf3 Re8 12. e5 dxe5 13. Nxe5 Bd6 14. Bf4 Rb8
15. b3 Rb4 16. Nxd7 Rxe1+ 17. Qxe1 Qxd7 18. Bxd6 cxd6 19. Rd1 h6 20. a3 Rb6 21.
Ne4 Nxe4 22. Qxe4 Rb8 23. Qd5 Re8 24. Kh2 Rd8 25. Re1 a5 26. Re4 Qc7 27. Kg1 Qd7
28. Ra4 Qe7 29. Kf1 Re8 30. Qd1 Qe5 31. g3 Qe6 32. Kg2 Qe2 33. Qxd6 Qxc2 34. Qd5
Qc3 35. Rf4 Rf8 36. Qc4 Qe5 37. Rf3 g6 38. Qb5 Rd8 39. Qxa5 Rd1 40. Qc3 Qe2 41.
Qc4 Qxc4 42. bxc4 Rc1 43. Rf4 Rc3 44. a4 Ra3 45. a5 Rxa5 46. Kf3 Ra4 47. h4 1/2-1/2

[Event "41st Olympiad Women 2014"]
[Site "Tromso NOR"]
[Date "2014.08.08"]
[Round "6.44"]
[Board "2"]
[White "Tuzi, Bruna"]
[Black "Lim, Hakyung"]
[Result "1/2-1/2"]
[WhiteTitle "WCM"]
[BlackTitle "WCM"]
[WhiteElo "1759"]
[BlackElo "1567"]
[WhiteTeam "Albania"]
[BlackTeam "South Korea"]
[WhiteFideId "4701100"]
[BlackFideId "13200615"]
[EventDate "2014.08.02"]

1. e4 c5 2. Nf3 Nc6 3. c3 g6 4. Bd3 Bg7 5. Bc2 d6 6. h3 d5 7. exd5 Qxd5 8. O-O
Nf6 9. Na3 O-O 10. Bb3 Qd8 11. d4 cxd4 12. cxd4 b6 13. Re1 Bb7 14. Nc4 Rc8 15.
Bf4 b5 16. Nce5 e6 17. Bg5 Qd6 18. Qe2 a6 19. Rad1 Nd5 20. Ng4 Na5 21. Bxd5 Bxd5
22. b3 Bxf3 23. Qxf3 f5 24. Ne5 Rc2 25. Re2 Rxe2 26. Qxe2 Nc6 27. Nxc6 Qxc6 28.
Bf4 Rd8 29. Rc1 Qd5 30. Rc5 Qd7 31. Be5 Bxe5 32. Qxe5 Qd6 33. f3 Qxd4+ 34. Qxd4
Rxd4 35. Rc6 a5 36. Rxe6 a4 37. bxa4 Rxa4 38. Re2 Ra8 39. Kf2 b4 40. Ke1 Kg7 41.
Kd1 Kf6 42. Rb2 Ke5 43. Kc2 Kd5 44. Kb3 Kc5 45. Rc2+ Kb5 46. Rc7 Ra3+ 47. Kb2 h5
48. Rg7 Ra6 49. Rg8 Rc6 50. Rb8+ Rb6 51. Rg8 Rc6 52. h4 Ra6 53. Re8 Rc6 54. Re7
Ra6 55. Re5+ Kc4 56. Re8 Kb5 57. Rd8 Rc6 58. Rd4 Rc4 59. Rd5+ Rc5 1/2-1/2

[Event "41st Olympiad Women 2014"]
[Site "Tromso NOR"]
[Date "2014.08.08"]
[Round "6.44"]
[Board "3"]
[White "You, Garam"]
[Black "Kerciku, Suzana"]
[Result "1-0"]
[WhiteElo "1487"]
[BlackElo "1519"]
[WhiteTeam "South Korea"]
[BlackTeam "Albania"]
[WhiteFideId "13200208"]
[BlackFideId "4700783"]
[EventDate "2014.08.02"]

1. e4 c5 2. Nf3 e6 3. d4 cxd4 4. c3 dxc3 5. Nxc3 a6 6. Bc4 b5 7. Bb3 Bb7 8. O-O
Qc7 9. Be3 Nc6 10. Rc1 d6 11. Qe2 Nf6 12. h3 Be7 13. Rfd1 O-O 14. Bf4 Rfd8 15.
a3 Rac8 16. Rd2 Qb8 17. Rdc2 Na5 18. Ba2 Qa8 19. Ng5 h6 20. Nxe6 fxe6 21. Bxe6+
Kh8 22. Bxc8 Rxc8 23. f3 Nh5 24. Be3 Nc4 25. Bf2 Bg5 26. Rd1 Nxb2 27. Rxb2 Rxc3
28. Rxd6 Nf4 29. Qf1 Qc8 30. Rd1 Qe6 31. Bd4 Rxa3 32. Rc2 Nh5 33. Rc7 Bc8 34. g4
Bf4 35. Rc3 Ng3 36. Qe1 Ra2 37. Bf2 Re2 38. Rd8+ Kh7 39. Qb1 Qf6 40. e5+ Qg6 41.
Rh8+ Kxh8 42. Qxg6 Bb7 43. Rc7 Bxe5 44. Rxb7 1-0

[Event "41st Olympiad Women 2014"]
[Site "Tromso NOR"]
[Date "2014.08.08"]
[Round "6.44"]
[Board "4"]
[White "Shabanaj, Alda"]
[Black "Kim, Yubin"]
[Result "1-0"]
[WhiteElo "1881"]
[BlackElo "1421"]
[WhiteTeam "Albania"]
[BlackTeam "South Korea"]
[WhiteFideId "4700597"]
[BlackFideId "13202316"]
[EventDate "2014.08.02"]

1. d4 d5 2. Nf3 Nf6 3. c4 e6 4. e3 c6 5. Qc2 Be7 6. Bd3 Nbd7 7. O-O O-O 8. Nc3
Qc7 9. e4 dxe4 10. Nxe4 Re8 11. Neg5 Nf8 12. Ne5 c5 13. Ngxf7 cxd4 14. Re1 N8d7
15. Bxh7+ Nxh7 16. Nh6+ gxh6 17. Qg6+ Kh8 18. Nf7# 1-0

[Event "41st Olympiad Women 2014"]
[Site "Tromso NOR"]
[Date "2014.08.08"]
[Round "6.45"]
[Board "1"]
[White "Skytte, Torill"]
[Black "Hazim Gonzalez, Elizabeth"]
[Result "1-0"]
[BlackTitle "WCM"]
[WhiteElo "1991"]
[BlackElo "1833"]
[WhiteTeam "Norway 3"]
[BlackTeam "Dominican Republic"]
[WhiteFideId "1503260"]
[BlackFideId "6400183"]
[EventDate "2014.08.02"]

1. d4 Nf6 2. c4 d6 3. Nc3 Nbd7 4. Nf3 g6 5. e4 e5 6. d5 Nc5 7. Qc2 a5 8. h3 Bg7
9. Be3 b6 10. Be2 O-O 11. O-O Nh5 12. a3 f5 13. b4 Nd7 14. exf5 gxf5 15. Ng5
Ndf6 16. c5 bxc5 17. bxc5 f4 18. Bd2 h6 19. Ne6 Bxe6 20. dxe6 Bh8 21. Qg6+ Ng7
22. e7 Qxe7 23. Bc4+ Rf7 24. Rfe1 Rd8 25. Bxf4 c6 26. cxd6 1-0

[Event "41st Olympiad Women 2014"]
[Site "Tromso NOR"]
[Date "2014.08.08"]
[Round "6.45"]
[Board "2"]
[White "Jose Polanco, Kenia"]
[Black "Kyrkjebo, Hanna B."]
[Result "0-1"]
[WhiteTitle "WCM"]
[WhiteElo "1918"]
[BlackElo "1756"]
[WhiteTeam "Dominican Republic"]
[BlackTeam "Norway 3"]
[WhiteFideId "6401074"]
[BlackFideId "1511599"]
[EventDate "2014.08.02"]

1. Nf3 d5 2. g3 Nf6 3. Bg2 c6 4. O-O Bg4 5. d3 Nbd7 6. Nbd2 e6 7. Rb1 Bd6 8. b4
O-O 9. c4 Qe7 10. b5 c5 11. cxd5 exd5 12. Ba3 Rfe8 13. Re1 Ne5 14. Qb3 Be6 15.
Qb2 Nxf3+ 16. Bxf3 Bg4 17. Rbc1 Bxf3 18. Nxf3 b6 19. Qd2 Qd7 20. Rb1 d4 21. Qg5
h6 22. Qc1 Nd5 23. Bb2 Qg4 24. Bxd4 cxd4 25. Qc6 Nc3 26. Rb2 Bc5 27. Kg2 Rac8
28. Qb7 Re7 29. Qa6 Rce8 30. h3 Qc8 31. Ng1 Qxa6 32. bxa6 Re6 33. Rc2 Nd5 34.
Rc4 Nb4 35. Rb1 Nxa2 36. Rc2 Nc3 37. Rbb2 Ba3 38. Rb3 Bc5 39. Rbb2 Nd5 40. Nf3
Nb4 41. Rc4 Nxa6 42. Ra4 Nc7 43. Rxa7 Nd5 44. Rd7 Nf6 45. Rb7 Rxe2 46. Rxe2 Rxe2
47. Rb8+ Re8 48. Rb7 Re7 49. Rb8+ Kh7 50. Nd2 Nd7 51. Rd8 Ne5 52. Nb3 Nxd3 53.
Nxd4 Bxd4 54. Rxd4 Nc5 55. Rb4 Rb7 56. Rb5 Ne6 57. Rb4 b5 58. f4 Nc7 59. Kf3 Na6
60. Rb1 b4 61. Ke2 b3 62. Kd2 b2 63. Kc2 Nc5 64. Rxb2 Rxb2+ 65. Kxb2 Ne4 66. Kc2
Nxg3 67. Kd3 Kg6 68. Ke3 Kf5 69. Kf3 Nh5 0-1

[Event "41st Olympiad Women 2014"]
[Site "Tromso NOR"]
[Date "2014.08.08"]
[Round "6.45"]
[Board "3"]
[White "Kyrkjebo, Marte B."]
[Black "Villar Acevedo, Darlin Rocio"]
[Result "0-1"]
[WhiteElo "1732"]
[BlackElo "1713"]
[WhiteTeam "Norway 3"]
[BlackTeam "Dominican Republic"]
[WhiteFideId "1511602"]
[BlackFideId "6405053"]
[EventDate "2014.08.02"]

1. e4 d6 2. d4 Nf6 3. Nc3 g6 4. f3 Bg7 5. Be3 c6 6. Qd2 b5 7. O-O-O Qc7 8. Bh6
O-O 9. h4 e5 10. dxe5 dxe5 11. g4 a5 12. h5 a4 13. Bxg7 Kxg7 14. hxg6 fxg6 15.
Qh6+ Kg8 16. Nh3 Be6 17. Ng5 Qe7 18. Nxe6 Qxe6 19. g5 Nbd7 20. gxf6 Nxf6 21. Bh3
Qe7 22. Bg4 b4 23. Ne2 b3 24. a3 bxc2 25. Kxc2 Rab8 26. Nc3 Nxg4 27. fxg4 Rf2+
28. Rd2 Qf7 29. Kc1 Rxd2 30. Qxd2 Qf3 31. Qe2 Qxh1+ 32. Kc2 Rf8 33. Nxa4 Qf3 34.
Qc4+ Kh8 35. Qxc6 Qxg4 36. Qd5 Qe2+ 37. Kb3 Rb8+ 38. Ka2 Qb5 39. Qe6 Re8 40.
Qf6+ Kg8 41. Nc3 Qc4+ 42. Ka1 Qe6 43. Nd5 h5 44. Qg5 Rf8 45. Ne7+ Kh7 46. Nd5
Rf1+ 47. Ka2 Rf4 48. Ka1 Rf7 49. a4 Qg4 50. Nf6+ Rxf6 51. Qxf6 Qd1+ 52. Ka2
Qxa4+ 53. Kb1 Qxe4+ 54. Ka2 h4 55. Qf7+ Kh6 56. Qf6 Qf4 57. Qh8+ Kg5 58. Qd8+
Kg4 59. Qd1+ Kf5 60. Qd7+ Kg5 61. Qd8+ Qf6 62. Qd2+ Kh5 63. Qd1+ Kh6 64. Qd2+ g5
65. Qg2 Qe6+ 66. b3 e4 67. Qe2 e3 68. Kb1 0-1

[Event "41st Olympiad Women 2014"]
[Site "Tromso NOR"]
[Date "2014.08.08"]
[Round "6.45"]
[Board "4"]
[White "Diaz Cesar, Wilsaida Pieranlly"]
[Black "Rodsmoen, Maud"]
[Result "1-0"]
[WhiteElo "1769"]
[BlackElo "1805"]
[WhiteTeam "Dominican Republic"]
[BlackTeam "Norway 3"]
[WhiteFideId "6403557"]
[BlackFideId "1510550"]
[EventDate "2014.08.02"]

1. d4 d5 2. Nf3 Nf6 3. c4 c6 4. Qc2 g6 5. Bf4 Bg7 6. e3 Bf5 7. Qb3 Qb6 8. c5
Qxb3 9. axb3 Nh5 10. Be5 Nd7 11. Bxg7 Nxg7 12. Nc3 O-O 13. Kd2 f6 14. b4 a6 15.
Nh4 e5 16. Be2 Be6 17. Nf3 Nf5 18. Rhe1 Rfe8 19. dxe5 Nxe5 20. Nd4 Rad8 21. Rad1
Nxd4 22. exd4 Nf7 23. Bd3 Ng5 24. f3 Nf7 25. Re3 Nh6 26. Rde1 Kf7 27. g4 f5 28.
h3 Bd7 29. Rxe8 Rxe8 30. Rxe8 Bxe8 31. g5 Ng8 32. Ke3 Ke6 33. Ne2 Ne7 34. Kf4
Bd7 35. h4 Bc8 36. Ng3 Bd7 37. Bc2 Bc8 38. h5 Bd7 39. h6 Be8 40. Ne2 Nc8 41. Ng3
Na7 42. Nh5 Nb5 43. Ng7+ Ke7 44. Ke5 Bf7 45. Nxf5+ gxf5 46. Bxf5 Bg8 47. g6 hxg6
48. Bxg6 Nc7 49. h7 Bxh7 50. Bxh7 Ne6 51. f4 Ng7 52. Bg6 Ne6 53. Bf5 Nd8 54. Bc8
Nf7+ 55. Kf5 Nd8 56. Kg6 Ke8 57. Kg7 Ke7 58. f5 Nf7 59. f6+ Ke8 60. Bxb7 Ng5 61.
Bxc6+ 1-0

[Event "41st Olympiad Women 2014"]
[Site "Tromso NOR"]
[Date "2014.08.08"]
[Round "6.46"]
[Board "1"]
[White "Mudongo, Boikhutso"]
[Black "Vilhete, Vania Fausto Da T."]
[Result "1/2-1/2"]
[WhiteTitle "WIM"]
[BlackTitle "WIM"]
[WhiteElo "1844"]
[BlackElo "1832"]
[WhiteTeam "Botswana"]
[BlackTeam "Mozambique"]
[WhiteFideId "11300230"]
[BlackFideId "14800144"]
[EventDate "2014.08.02"]

1. e4 c5 2. Nf3 d6 3. d4 cxd4 4. Nxd4 Nf6 5. Nc3 a6 6. Be2 e6 7. O-O Be7 8. Kh1
Nbd7 9. f4 Qc7 10. Nb3 b6 11. Qe1 Bb7 12. Bd3 h6 13. Be3 Ng4 14. Bg1 g5 15. f5
e5 16. Qe2 Ngf6 17. a4 O-O 18. Bc4 Rfc8 19. Bd3 d5 20. exd5 Nxd5 21. Nxd5 Bxd5
22. Rac1 Qb7 23. Nd2 Bf6 24. Be4 b5 25. axb5 axb5 26. b3 Ra2 27. Bxd5 Qxd5 28.
Ne4 Kg7 29. Rfd1 Qc6 30. Rd2 Rc7 31. h3 Be7 32. c3 Rxd2 33. Nxd2 Qd5 34. c4 bxc4
35. bxc4 Qc6 36. Ne4 Bf6 37. Qd3 Nb6 38. Bxb6 Qxb6 39. c5 Qc6 40. Rd1 Be7 41.
Qd5 Qxd5 42. Rxd5 f6 43. Kg1 Kf7 44. Kf2 Ra7 45. g3 h5 46. Ke3 Ra3+ 47. Rd3 Ra1
48. Kd2 Ra4 49. Ke3 Ra1 50. Kd2 Ra4 51. Nd6+ Bxd6 52. Rxd6 Rc4 53. c6 Rc5 54.
Kd3 Ke7 55. Re6+ Kf7 56. Ke4 Kg7 57. Rd6 Kf7 58. Rd7+ Ke8 59. Rd6 Ke7 60. Re6+
Kf7 1/2-1/2

[Event "41st Olympiad Women 2014"]
[Site "Tromso NOR"]
[Date "2014.08.08"]
[Round "6.46"]
[Board "3"]
[White "Botlhole, Kgalalelo"]
[Black "Castro, Neusa Aridas De"]
[Result "1-0"]
[WhiteTitle "WFM"]
[WhiteElo "1762"]
[BlackElo "1467"]
[WhiteTeam "Botswana"]
[BlackTeam "Mozambique"]
[WhiteFideId "11300469"]
[BlackFideId "14800250"]
[EventDate "2014.08.02"]

1. d4 d5 2. Nf3 Nf6 3. Bf4 e6 4. e3 Be7 5. Bd3 Nbd7 6. h3 c5 7. c3 cxd4 8. exd4
Qb6 9. Qc2 h6 10. Nbd2 O-O 11. O-O Bd6 12. Bxd6 Qxd6 13. Rfe1 Re8 14. Ne5 a6 15.
Ndf3 Rf8 16. Qd2 b5 17. a4 bxa4 18. Rxa4 Qc7 19. Rea1 Qd6 20. Qe2 Nb8 21. Ra5
Nh7 22. b4 f6 23. Bxh7+ Kxh7 24. Nd3 Rf7 25. Nc5 Rfa7 26. Re1 Re7 27. Qd3+ Kg8
28. Rea1 Rea7 29. Nb3 Nc6 30. Rc5 Qd7 31. Nfd2 Nb8 32. Na5 Rc7 33. Nab3 Rxc5 34.
Nxc5 Qc7 35. Ndb3 Qb6 36. Qg6 Qc6 37. Na5 Qb5 38. Re1 Ra7 39. Re3 Re7 40. Nd3
Qa4 41. Nc5 Qe8 42. Qg3 Bd7 43. Qd6 Kf7 44. Nxa6 Nxa6 45. Qxa6 Bb5 46. Qd6 Rd7
47. Qc5 Re7 48. Qd6 Rd7 49. Qf4 Qc8 50. Nb3 Qa8 51. Nc5 Re7 52. Qg4 Qc6 53. Rg3
Kf8 54. Re3 Kf7 55. Nb3 Qc4 56. Nc5 Qf1+ 57. Kh2 Qxf2 58. Rxe6 Rxe6 59. Qxe6+
Kg6 60. Qg4+ Kf7 61. Qg3 Qe2 62. Nb7 Bc4 63. Nd6+ Kf8 64. Nf5 g5 65. Nxh6 Qe4
66. Ng4 Qe6 67. Qe3 Qa6 68. Qg3 Qe6 69. Qc7 Qa6 70. Qd8+ Kg7 71. Qe7+ Kg6 72.
Qe8+ Kg7 73. Ne3 Qd6+ 74. g3 Qf8 75. Nf5+ Kg8 76. Qg6+ Kh8 77. Nh6 Qg7 78. Nf7+
Kg8 79. Qxg7+ Kxg7 80. Nd6 Kf8 81. Nxc4 dxc4 82. Kg2 Ke7 83. Kf3 Ke6 84. h4 Kf5
85. hxg5 fxg5 86. g4+ Ke6 87. Ke4 Kd6 88. Kf5 Kd5 89. Kxg5 Ke4 90. Kf6 Kd3 91.
d5 Kxc3 92. d6 Kxb4 93. d7 c3 94. d8=Q c2 95. Qc7 Kb3 96. g5 Kb2 97. g6 c1=Q 98.
Qxc1+ Kxc1 99. g7 Kc2 100. g8=Q Kc3 101. Qd5 1-0

[Event "41st Olympiad Women 2014"]
[Site "Tromso NOR"]
[Date "2014.08.08"]
[Round "6.47"]
[Board "1"]
[White "Zepeda, Lorena"]
[Black "Taweesupmun, Chanida"]
[Result "1-0"]
[WhiteTitle "WIM"]
[BlackTitle "WCM"]
[WhiteElo "2158"]
[BlackElo "1838"]
[WhiteTeam "El Salvador"]
[BlackTeam "Thailand"]
[WhiteFideId "6700233"]
[BlackFideId "6200117"]
[EventDate "2014.08.02"]

1. e4 e5 2. Nf3 Nc6 3. Bc4 Be7 4. d3 Nf6 5. c3 d6 6. Bb3 O-O 7. Nbd2 Be6 8. O-O
h6 9. Re1 Na5 10. Bc2 c5 11. Nf1 Nc6 12. Ng3 b5 13. h3 a5 14. d4 cxd4 15. cxd4
exd4 16. Nxd4 Nxd4 17. Qxd4 Rc8 18. Bd3 Bc4 19. Nf5 Bxd3 20. Qxd3 Kh7 21. Qxb5
Nd7 22. Nxe7 Rc5 23. Qd3 Ne5 24. Qd2 Qxe7 25. b3 Qc7 26. Ba3 Rc6 27. Rac1 Rd8
28. Kh1 Qb6 29. Bb2 Rxc1 30. Rxc1 Re8 31. f3 Re6 32. Qd4 Qb5 33. f4 Qe2 34. fxe5
dxe5 35. Qc3 Rg6 36. Rg1 Qxe4 37. Qxe5 1-0

[Event "41st Olympiad Women 2014"]
[Site "Tromso NOR"]
[Date "2014.08.08"]
[Round "6.47"]
[Board "2"]
[White "Atthaworadej, Worasuda"]
[Black "Avelar, Gabriela"]
[Result "0-1"]
[WhiteTitle "WCM"]
[BlackTitle "WFM"]
[WhiteElo "1749"]
[BlackElo "1903"]
[WhiteTeam "Thailand"]
[BlackTeam "El Salvador"]
[WhiteFideId "6201563"]
[BlackFideId "6700667"]
[EventDate "2014.08.02"]

1. e4 d6 2. d4 Nf6 3. Nc3 Nbd7 4. Nf3 e5 5. Bc4 Be7 6. O-O O-O 7. a4 a6 8. Re1
h6 9. h3 exd4 10. Nxd4 Ne5 11. Bf1 c5 12. Nf3 Be6 13. Bf4 Nfd7 14. Nxe5 Nxe5 15.
Nd5 Bg5 16. Bg3 Bh4 17. Bf4 Bxd5 18. Qxd5 Qf6 19. Qd2 Rfd8 20. Rad1 Nc6 21. Bc4
Rab8 22. c3 Ne5 23. Bd5 b5 24. axb5 axb5 25. Bxe5 dxe5 26. Qe2 Qe7 27. Ra1 b4
28. c4 Rd6 29. Ra5 Rg6 30. Qe3 Rc8 31. Rea1 Bg5 32. Qe2 Rd6 33. Ra7 Rd7 34. R7a6
Rd6 35. Qg4 Rdd8 36. Ra7 Rc7 37. R7a6 Rdd7 38. R1a5 Kh7 39. Rb5 Ra7 40. Rc6 Rd6
41. Rcxc5 Ra1+ 42. Kh2 Rf6 43. Qe2 Bf4+ 44. g3 Bxg3+ 45. fxg3 Rff1 46. Qe3 Qf6
47. Kg2 Rh1 48. Qf2 Rh2+ 0-1

[Event "41st Olympiad Women 2014"]
[Site "Tromso NOR"]
[Date "2014.08.08"]
[Round "6.47"]
[Board "4"]
[White "Vongvastana, Chananchida"]
[Black "Melendez, Gabriela"]
[Result "0-1"]
[BlackTitle "WFM"]
[WhiteElo "1565"]
[BlackElo "1877"]
[WhiteTeam "Thailand"]
[BlackTeam "El Salvador"]
[WhiteFideId "6202179"]
[BlackFideId "6700705"]
[EventDate "2014.08.02"]

1. e4 g6 2. d4 Bg7 3. Nf3 d6 4. Nc3 c6 5. a4 Qc7 6. h3 Nf6 7. Be3 O-O 8. Bc4
Nbd7 9. O-O b6 10. Qd2 Rd8 11. Rfe1 Bb7 12. Bh6 e5 13. Bxg7 Kxg7 14. Ng5 d5 15.
exd5 cxd5 16. dxe5 dxc4 17. exf6+ Nxf6 18. Qe2 Re8 19. Qf1 Qf4 20. Nf3 Bxf3 21.
gxf3 Rac8 22. Kg2 Rc5 23. Qh1 Rg5+ 24. Kf1 Rge5 25. Rxe5 Rxe5 26. Re1 Rxe1+ 27.
Kxe1 Qc1+ 28. Nd1 Qxc2 29. Qh2 Qxa4 30. Qc7 b5 31. Qc6 a5 32. Kd2 Qb3 33. Kc1 b4
34. Ne3 c3 35. bxc3 bxc3 36. Nd1 Nd5 37. Qa6 Qa3+ 0-1

[Event "41st Olympiad Women 2014"]
[Site "Tromso NOR"]
[Date "2014.08.08"]
[Round "6.48"]
[Board "1"]
[White "Al-khelaifi, Aisha"]
[Black "Tuominen, Tanja"]
[Result "0-1"]
[BlackTitle "WIM"]
[WhiteElo "1690"]
[BlackElo "2103"]
[WhiteTeam "Qatar"]
[BlackTeam "Finland"]
[WhiteFideId "12100625"]
[BlackFideId "502340"]
[EventDate "2014.08.02"]

1. e4 c5 2. Nf3 e6 3. Nc3 Nc6 4. Bb5 Nd4 5. Nxd4 cxd4 6. Ne2 Qg5 7. Bc4 Qxg2 8.
Ng3 Qh3 9. d3 Bb4+ 10. Bd2 Bxd2+ 11. Qxd2 Qh4 12. e5 Ne7 13. Qe2 Ng6 14. O-O-O
Qf4+ 15. Kb1 Qxe5 16. Qd2 b5 17. Rhe1 Qb8 18. Bb3 O-O 19. Ne4 a5 20. a4 bxa4 21.
Bxa4 Qb4 22. b3 Rb8 23. Qxb4 Rxb4 24. Rg1 Rd8 25. Nd6 Ba6 26. Rg5 f5 27. Nc4 Nf4
28. Re1 h6 29. Rg3 Nd5 30. Nb2 Nc3+ 31. Ka1 Nxa4 32. Nxa4 Rc8 33. Re2 Bb5 34.
Nb2 a4 35. bxa4 Bxa4 36. Nc4 Ra8 0-1

[Event "41st Olympiad Women 2014"]
[Site "Tromso NOR"]
[Date "2014.08.08"]
[Round "6.48"]
[Board "2"]
[White "Puuska, Heini"]
[Black "Al-Khelaifi, Kholoud"]
[Result "1-0"]
[WhiteTitle "WFM"]
[WhiteElo "1975"]
[BlackElo "1511"]
[WhiteTeam "Finland"]
[BlackTeam "Qatar"]
[WhiteFideId "502324"]
[BlackFideId "12100145"]
[EventDate "2014.08.02"]

1. d4 d5 2. c4 e6 3. Nc3 c6 4. e3 f5 5. Bd3 Nf6 6. Qc2 Ne4 7. Nf3 Bd6 8. cxd5
exd5 9. Ne5 Bxe5 10. dxe5 Qe7 11. Nxd5 Qxe5 12. Nf4 Nd6 13. O-O O-O 14. Rb1 Na6
15. b4 Nc7 16. Bb2 Qe7 17. Nh5 Nce8 18. a4 Be6 19. b5 cxb5 20. axb5 Rc8 21. Qa4
b6 22. Rfc1 Rd8 23. Ra1 Bf7 24. Ng3 Qd7 25. Qxa7 Qxa7 26. Rxa7 Nc8 27. Ra3 Ned6
28. Bd4 Be8 29. Rc7 Bd7 30. Nh5 Ne8 31. Rc1 g6 32. Bc4+ Rf7 33. Nf4 Kf8 34. Bxf7
Kxf7 35. Nd5 Bxb5 36. Nxb6 Nxb6 37. Bxb6 Rd6 38. Bd4 Rd8 39. Ra7+ Bd7 40. Bb6 1-0

[Event "41st Olympiad Women 2014"]
[Site "Tromso NOR"]
[Date "2014.08.08"]
[Round "6.48"]
[Board "3"]
[White "Safar, Alshaymaa"]
[Black "Nazarova, Anastasia"]
[Result "1/2-1/2"]
[WhiteTitle "WCM"]
[BlackTitle "WCM"]
[WhiteElo "1594"]
[BlackElo "1904"]
[WhiteTeam "Qatar"]
[BlackTeam "Finland"]
[WhiteFideId "12100510"]
[BlackFideId "34101737"]
[EventDate "2014.08.02"]

1. d4 d5 2. c4 e6 3. Nc3 Nf6 4. cxd5 exd5 5. Bg5 c6 6. e3 Qb6 7. Qc2 Ne4 8. Nf3
Nxg5 9. Nxg5 Be7 10. Nf3 O-O 11. Bd3 h6 12. O-O Be6 13. Ne5 Nd7 14. f4 Nxe5 15.
fxe5 Rac8 16. Rf3 c5 17. Qf2 Kh8 18. Bf5 Qc6 19. Rf1 b5 20. Ne2 c4 21. Bh3 g5
22. Bxe6 fxe6 23. Rf7 Qe8 24. Qf3 Rxf7 25. Qxf7 Qxf7 26. Rxf7 Re8 27. Nc3 a6 28.
a3 Kg8 29. Rf2 Rb8 30. e4 dxe4 31. Nxe4 Rd8 32. Rd2 Kg7 33. Kf2 g4 34. Ke3 a5
35. Rf2 Rb8 36. Nf6 b4 37. axb4 Rxb4 38. Nxg4 Bg5+ 39. Ke4 Rb3 40. Re2 h5 41.
Nf2 c3 42. bxc3 Rxc3 43. Nd3 Kf7 44. Ra2 Bd8 45. h3 Rc4 46. Nf4 h4 47. Kd3 Rb4
48. Kc3 Rb1 49. Rb2 Rxb2 50. Kxb2 Bg5 51. Ne2 Kg6 52. Nc3 Kf5 53. Nb5 Bd8 54.
Nd6+ Kf4 55. Nb7 Bc7 56. Nc5 Bxe5 57. Nd3+ Kg3 58. dxe5 Kxg2 59. Nf4+ Kf3 60.
Nxe6 Ke4 61. Ng5+ Kxe5 1/2-1/2

[Event "41st Olympiad Women 2014"]
[Site "Tromso NOR"]
[Date "2014.08.08"]
[Round "6.49"]
[Board "1"]
[White "Feliciano Ebert, Vanessa"]
[Black "Zsiltzova-Lisenko, Lubov"]
[Result "1-0"]
[WhiteTitle "WIM"]
[BlackTitle "WIM"]
[WhiteElo "2226"]
[BlackElo "2262"]
[WhiteTeam "Brazil"]
[BlackTeam "IBCA"]
[WhiteFideId "2114160"]
[BlackFideId "14101360"]
[EventDate "2014.08.02"]

1. e4 c5 2. Nf3 Nc6 3. Bb5 Nd4 4. Nxd4 cxd4 5. O-O g6 6. d3 Bg7 7. f4 Nf6 8. Nd2
O-O 9. f5 d6 10. Qf3 a6 11. Bc4 d5 12. Bb3 dxe4 13. dxe4 Bd7 14. e5 Bc6 15. Qh3
Nd5 16. Nf3 gxf5 17. Bh6 Bxh6 18. Qxh6 f6 19. Nxd4 Qb6 20. c3 e6 21. Rf3 Kh8 22.
Kh1 Rae8 23. Nxe6 Rf7 24. Nf4 Nxf4 25. Bxf7 Bxf3 26. gxf3 Qc6 27. Qxf4 fxe5 28.
Qxf5 Re7 29. Rg1 1-0